| 000 | 00649nam a2200193Ia 4500 | ||
|---|---|---|---|
| 008 | 151121s9999||||xx |||||||||||||| ||und|| | ||
| 082 | _a833/स्वदेश | ||
| 082 | _bHNW-37643 | ||
| 100 | _aस्वदेश दीपक | ||
| 245 | _aनम्बर 57 स्कवाड्रन | ||
| 260 | _b"संभावना प्रकाशन, हापुड" | ||
| 260 | _c-- | ||
| 300 | _a115 | ||
| 600 | _aस्वदेश दीपक | ||
| 630 | _aनम्बर 57 स्कवाड्रन | ||
| 700 | _aस्वदेश दीपक | ||
| 730 | _aनम्बर 57 स्कवाड्रन | ||
| 942 | _cBOOK | ||
| 999 |
_c1228934 _d1228931 |
||